TNA Wrestling Champions by Year - 2025 - Statistics

General Stats
  • This quiz has been taken 28 times
  • The average score is 16 of 22
Answer Stats
Title Date Event Wrestler % Correct
TNA World May 25 NXT Battleground Trick Williams
95%
TNA World Nov 13 Impact Frankie Kazarian
90%
International Sep 26 Victory Road Frankie Kazarian
90%
TNA World Jan 19 Genesis Joe Hendry
90%
International Dec 5 Final Resolution Channing "Stacks" Lorenzo
80%
TNA World Oct 12 Bound for Glory Mike Santana
80%
Knockouts World Aug 24 NXT Heatwave Ash by Elegance
75%
Knockouts Tag Team Mar 14 Sacrifice Ash by Elegance
75%
World Tag Team Jul 20 Slammiversary Jeff Hardy
75%
World Tag Team Jul 20 Slammiversary Matt Hardy
75%
Knockouts World Jul 20 Slammiversary Jacy Jayne
70%
X-Division Jul 20 Slammiversary Leon Slater
70%
Knockouts Tag Team Oct 2 Impact Cassie Lee
65%
Knockouts World Sep 26 Victory Road Kelani Jordan
65%
Knockouts World Nov 25 NXT Gold Rush Lei Ying Lee
65%
International Apr 17 Unbreakable Steve Maclin
65%
International Oct 12 Bound for Glory Steve Maclin
65%
Knockouts Tag Team Mar 14 Sacrifice Heather by Elegance
60%
Knockouts Tag Team Oct 2 Impact Jessie McKay
60%
World Tag Team Apr 27 Rebellion Nic Nemeth
60%
World Tag Team Apr 27 Rebellion Ryan Nemeth
60%
Digital Media Jan 23 Impact Steph De Lander
40%
No matching quizzes found
Score Distribution
Percent of People with Each Score
Percentile by Number Answered
Your Score History
You have not taken this quiz